01018nam a2200229 a 4500001001000000005001700010008004100027041000800068044000800076050002200084245024800106260003400354300007300388500005500461500003800516650004100554700005300595902000800648942001100656999001500667952010600682BRCA_446020190320204658.0820922s1905 enka######---#000-0#eng-# aeng aenk 4aNK1570b.H57 190510aThe Historic Styles of OrnamentbContaining 1500 Examples from all Countries and all Periods, Exhibited on One Hundred Plates Mostly Printed in Gold and Colourscwith Historical and Descriptive Text, translated from the German of H. Dolmetsch. aLondresbB. T. Batsfordc1905 a1 v. (sin paginación)bil. (algunas a color), 90 láminasc34 cm. aIncluye índice alfabético y lista de láminas aDonación de Joaquín von Mentz14aDecoración y ornamentación935921 aDolmetsch, Heinrichd1846-1908eTraductor911304 aREF 2lcccB c4166d4166 00104070aBRCAbBRCAd2010-09-06l0oNK1570 .H57 1905pREF00191r2019-03-22 00:00:00w2019-03-22yB